000 00530nam a22001817a 4500
005 20251108165439.0
008 250721s1962 xx 000 0 ara d
082 1 4 _a954/شاج
100 1 _aشاجلا، م.ك
245 1 0 _aسفير يتحدث /
264 1 _aالقاهره :
_bالدار القومية للطباعة و النشر،
_c1962.
300 _a148ص
650 1 7 _aالهند
650 1 7 _aتاريخ الهند
700 1 _aالصواف، عبد النبي
_eترجمة
942 _2ddc
_cBK
999 _c28139
_d28139